00555nam a2200241Ia 450000500170000000800460001702000140006303700070007704000080008404000080009204000080010004100080010804100080011608400150012408400080013910000260014724500500017324500260022326000150024926000310026426000090029530000090030420260401122248.0008 250103s9999 xx 000 0 eng d a691018995 aTB aEDL beng cEDL 2eng aeng a870.03 CUR qEDL aCurtius, Ernst Robert 0aEuropean Literature and the Latin Middle Ages 0cCurtius, Ernst Robert aNew Jersey bPrinceton University Press c1990 a718p